ਭਾਸ਼ਾ ਵਿ ਗਿਆਨL ਸਿਧਾਂਤ ਤੇ ਵਿਹਾਰ (Record no. 1229712)

MARC details
000 -LEADER
fixed length control field 00713nam a2200205Ia 4500
005 - DATE AND TIME OF LATEST TRANSACTION
control field 20241129111258.0
008 - FIXED-LENGTH DATA ELEMENTS--GENERAL INFORMATION
fixed length control field 241129s9999||||xx |||||||||||||| ||und||
037 ## - SOURCE OF ACQUISITION
Stock number TB
040 ## - CATALOGING SOURCE
Original cataloging agency CRL
Language of cataloging pun
Transcribing agency CRL
041 ## - LANGUAGE CODE
Language code of text/sound track or separate title pun
Source of code pun
084 ## - COLON CLASSIFICATION NUMBER
Classification number P153 Q4;Q8
Assigning agency CRL
100 ## - MAIN ENTRY--PERSONAL NAME
Personal name ਬਰਾੜ, ਬੁਟਾ ਸਿੰਘ, ਚ।
245 #0 - TITLE STATEMENT
Title ਭਾਸ਼ਾ ਵਿ ਗਿਆਨL ਸਿਧਾਂਤ ਤੇ ਵਿਹਾਰ
Statement of responsibility, etc. ਬਰਾੜ, ਬੁਟਾ ਸਿੰਘ, ਚ।
260 ## - PUBLICATION, DISTRIBUTION, ETC.
Place of publication, distribution, etc. ਲੁਧਿਆਨਾ, ਭਾਰਤ
Name of publisher, distributor, etc. ਲਾਹੌਰ ਬੁਕਸ਼
Date of publication, distribution, etc. 2018
300 ## - PHYSICAL DESCRIPTION
Extent 231ਪ੍ਰ0
365 ## - TRADE PRICE
Price type code INR
Price amount 200
650 ## - SUBJECT ADDED ENTRY--TOPICAL TERM
Topical term or geographic name entry element Punjabi Language
9 (RLIN) 1074
942 ## - ADDED ENTRY ELEMENTS (KOHA)
Koha item type Textbook
Classification part P153 Q4;Q8
Holdings
Withdrawn status Lost status Damaged status Not for loan Home library Current library Date acquired Source of acquisition Cost, normal purchase price Inventory number Total Checkouts Full call number Barcode Date due Date last seen Date last checked out Price effective from Koha item type
        Central Library Arts Library 2024-11-29 H.K. Prakashan 200.00 1619 & 08/01/2024 5 P153 Q4;Q8 CL1680515 2026-05-06 2026-04-22 2026-04-22 2024-11-29 Textbook
Copyright @ Delhi University Library System